000 00656nam a2200169 a 4500
008 120416s1992 ||||||||||||||||| || u
020 _a0521396999
050 _aQ 127.E8 Sci
100 _aTeich, Mikulas
245 1 4 _aThe scientific revolution in national context
_cedited by Roy Porter
260 _aCambridge:
_bThe University Press
_c1992
350 _a0.00
650 _aSCIENCE--EUROPE--HISTORY--16TH CENTURY
650 _aSCIENCE--EUROPE--HISTORY--17TH CENTURY
700 _aPorter, Roy
995 _D0.00
_FCBU-MAIN LIBRARY (Kitwe)
_H1
_I12.95
_M1
_UAVAILABLE
_ZAnnex Low-Usage Collection
999 _c57139
_d57139